Keď som ťa stratila

Molly je dcéra multimilionára, Leo zasa novinár, ktorý vyšiel z chudobných pomerov, no tvrdou prácou si vybudoval kariéru a presadil sa ako vojnový korešpondent. Keď stretne Molly, obaja sa do seba zaľúbia a vezmú sa aj napriek nesúhlasu jej rodiny. Majú pocit, že sú neporaziteľní a spolu dokážu dob...

Full description

Bibliographic Details
Main Author: Rimmer, Kelly (Author)
Other Authors: Fürješová, Valéria (Narrator)
Format: CD Audio
Language:Slovak
English
PhysicalDescription:1 elektronický optický disk (CD-ROM) digitál., MP3 12 cm
Published: V Levoči Slovenská knižnica pre nevidiacich Mateja Hrebendu 2018
ISBN:9788018068250 (CDROM)
Subjects:

MARC

LEADER 00000cim a2200000 a 4500
001 vtls011745660
003 SK-MaSNL
005 20260301100056.0
007 sd fungnnmmned
008 180312s2018 xo nnnnfs f n slo
015 |a SNBJ2018 
020 |a 9788018068250 (CDROM) 
040 |a SNK  |b slo  |c SNK  |e AACR2 
041 1 |d slo  |h eng 
044 |a xo  |c SK 
072 7 |a 821.111-3  |x Anglická próza, anglicky písaná  |2 konspekt 
080 |a 821.111(94)-31  |2 2011 
080 |a (086.76)  |2 2011 
100 1 |a Rimmer, Kelly  |4 aut  |9 211754 
245 1 0 |a Keď som ťa stratila  |h elektronický zdroj  |c Kelly Rimmerová ; číta: Valéria Fürješová 
260 |a V Levoči  |b Slovenská knižnica pre nevidiacich Mateja Hrebendu  |c 2018 
300 |a 1 elektronický optický disk (CD-ROM)  |b digitál., MP3  |c 12 cm 
306 |a 140000 
520 8 |a Molly je dcéra multimilionára, Leo zasa novinár, ktorý vyšiel z chudobných pomerov, no tvrdou prácou si vybudoval kariéru a presadil sa ako vojnový korešpondent. Keď stretne Molly, obaja sa do seba zaľúbia a vezmú sa aj napriek nesúhlasu jej rodiny. Majú pocit, že sú neporaziteľní a spolu dokážu dobyť svet. Všetko sa však zmení, keď Leo odíde na nebezpečnú misiu do Sýrie, kde takmer príde o život. Definitívne však stratí pamäť. Molly sa všemožne snaží pomôcť mu získať stratené spomienky, no problém je v tom, že pred Leom niečo tají. A to niečo vážne 
521 |a Pre nevidiacich, slabozrakých a inak zdravotne postihnutých 
655 7 |a zvukové záznamy  |2 SNKPH  |9 70720 
655 7 |a austrálske romány  |2 SNKPH  |9 1595 
655 7 |a CD-ROM  |2 SNKPH  |9 70236 
700 1 |a Fürješová, Valéria  |4 nrt  |9 324860 
752 |a Slovensko  |d Levoča 
787 0 8 |i Podľa knihy:  |a Rimmer, Kelly  |t Keď som ťa stratila  |d Bratislava : Ikar, 2017  |z 9788055155111 
919 |a 978-80-18-06825-0 
958 |a SX 
958 |a LX 
958 |a UP 
999 |c 685113  |d 687043 
952 |a SNK  |b SNK  |y PREZ  |7 0  |p 17A1330773  |o snkSCD 4677  |i snk2018/11761  |8 0  |0 0  |1 0  |4 0  |d 2018-05-30  |l 0  |r 2026-02-23 20:09:43  |w 2026-02-23